| 000 | 00572nam a2200181Ia 4500 | ||
|---|---|---|---|
| 003 | GCL | ||
| 005 | 20240530105225.0 | ||
| 008 | 140319s9999 xx 000 0 ara d | ||
| 040 |
_aGCL / _cGCL |
||
| 082 | 0 | 4 |
_a657.8 _bع م |
| 100 | 1 | _aعبدالفتاح الصحن | |
| 245 | 1 | 0 |
_aالمحاسبة فى شركات الاشخاص وتطبيقاتها / _cعبدالفتاح الصحن |
| 260 |
_a[S.N] : _bمؤسسة شباب الجامعة ، _c1993 |
||
| 300 | _a468 ص | ||
| 650 | 0 | 4 | _aالمحاسبة |
| 650 | 0 | 4 | _aالشركات - محاسبة |
| 942 |
_2ddc _cBK |
||
| 999 |
_c54089 _d54089 |
||